| 000 | 01190cam a22003613a 4500 | ||
|---|---|---|---|
| 001 | 0000668 | ||
| 003 | DO-SdBNP | ||
| 005 | 20171113091654.0 | ||
| 007 | 0000668 | ||
| 008 | 861112 2011 sp c 000 0 spa d | ||
| 010 | _a | ||
| 020 | _a9789962040347 | ||
| 040 |
_aBPMSU _cspa _dBPMSU _d |
||
| 082 | 4 |
_a745.5942 _bB623a |
|
| 092 | _a | ||
| 245 | 0 | 0 |
_aBisutería artesanal y ecológica / _cdirección y coordinación editorial María Cristina Parra Rodríguez ; producción y accesorios Astrid Margarita Sepúlveda ... [et. al] ; fotografías Gilberto Morales Roa |
| 260 |
_a[s.l.]: _bLexus, _c2011. |
||
| 300 |
_a198 p. : _bretrs. _c34 cm. |
||
| 500 | _aIncluye glosario | ||
| 600 | 0 | 0 |
_a _x |
| 650 | 4 | _aCONFECCIONES DE JOYAS | |
| 650 | 4 | _aMACRAMÉ | |
| 700 | 1 | 2 |
_aParra Rodríguez, María Cristina _ecoord. |
| 700 | 1 | 2 | _aSepúlveda, Astrid Margarita |
| 700 | 1 | 2 |
_aAguirre, Edwin _e. |
| 700 | 1 | 2 |
_aGálvis, Patricia _eprod. |
| 700 | 1 | 2 |
_aMorales Roa, Gilberto _efot. |
| 710 |
_aArtesanías Calamarí M.E. _eprod. |
||
| 910 | _aValidado. Control de calidad MFF | ||
| 942 |
_2ddc _cBK |
||
| 945 | _aInventariado extranjero / 2017 VM | ||
| 956 |
_2YLOCKWARD _310 _8BPMSU |
||
| 999 |
_c11358 _d11358 |
||